|
|
|
|
| LEADER |
01088nam a2200289 u 4500 |
| 001 |
10112697 |
| 003 |
upatras |
| 005 |
20250322063435.0 |
| 008 |
140506s1974 us eng |
| 020 |
|
|
|a 0816491739
|
| 040 |
|
|
|a GR-PaULI
|c GR-PaULI
|
| 041 |
0 |
|
|a eng
|
| 082 |
0 |
4 |
|a 146.3
|
| 100 |
1 |
|
|a Lichtheim, George,
|d 1912-
|4 aut
|9 80311
|
| 245 |
1 |
0 |
|a From Marx to Hegel
|c George Lichtheim
|
| 260 |
|
|
|a New York
|b Seabury Press
|c 1974
|
| 300 |
|
|
|a viii, 248 p.
|c 22 cm.
|
| 504 |
|
|
|a Includes bibliographical references and index
|
| 650 |
|
4 |
|a Διαλεκτικός υλισμός
|9 9914
|
| 600 |
1 |
4 |
|9 2828
|a Marx, Karl,
|d 1818-1883
|
| 600 |
1 |
0 |
|a Hegel, Georg Wilhelm Friedrich,
|d 1770-1831
|9 739
|
| 600 |
1 |
4 |
|9 2040
|a Adorno, Theodor Wiesegrund,
|d 1903-1969
|
| 852 |
|
|
|a GR-PaULI
|b ΠΑΤΡΑ
|b ΠΤΔΕ
|b ΓΕΡ
|k ΑΣΧΞ
|h 146.3 LIC
|m 10239
|p 025000140978
|t 1
|
| 942 |
|
|
|2 ddc
|c BK15
|
| 952 |
|
|
|0 0
|1 0
|4 0
|6 146_300000000000000_LIC
|7 0
|9 165811
|a PTDE
|b PTDE
|d 2016-04-24
|i 10239
|l 0
|o 146.3 LIC
|p 025000140978
|r 2016-04-24 00:00:00
|t 1
|w 2016-04-24
|y BK15
|
| 998 |
|
|
|c ΤΣΕΝΕ
|d 2014-05
|
| 999 |
|
|
|c 103888
|d 103888
|